Life of Buddha (Record no. 557760)

MARC details
000 -LEADER
fixed length control field 00492nam a2200181Ia 4500
008 - FIXED-LENGTH DATA ELEMENTS--GENERAL INFORMATION
fixed length control field 240911s9999 xx 000 0 und d
020 ## - INTERNATIONAL STANDARD BOOK NUMBER
ISBN 9788190672428
Paper back/Hardbound hbk
041 ## - LANGUAGE CODE
Language code of text/sound track or separate title eng
082 ## - DEWEY DECIMAL CLASSIFICATION NUMBER
Classification number 294.3092
Item number BOD
100 ## - MAIN ENTRY--AUTHOR NAME
Personal name Boddhisattava, Asvaghosha
245 #0 - TITLE STATEMENT
Title Life of Buddha
Statement of responsibility, etc / Asvaghosha Boddhisattava
250 ## - EDITION STATEMENT
Edition statement 1st ed.
260 ## - PUBLICATION, DISTRIBUTION, ETC. (IMPRINT)
Name of publisher Agam Kala
Year of publication c2010
Place of publication New Delhi
300 ## - PHYSICAL DESCRIPTION
Number of Pages 132 p.
Dimensions 28 cm.
650 ## - SUBJECT ADDED ENTRY--TOPICAL TERM
Topical Term Buddha; Buddha life History
942 ## - ADDED ENTRY ELEMENTS (KOHA)
Koha item type English Books
Holdings
Withdrawn status Lost status Damaged status Not for loan Home library Current library Shelving location Date acquired Cost, normal purchase price Full call number Accession Number Price effective from Koha item type Copy number
        Anna Centenary Library Anna Centenary Library 3RD FLOOR, B WING 04.04.2024 850.00 294.3092 BOD 658006 04.04.2024 English Books  
        Anna Centenary Library Anna Centenary Library 3RD FLOOR, B WING 04.04.2024 850.00 294.3092 BOD;1 658007 04.04.2024 English Books 1

Find us on the map